[Event "25. Open Pula 2011"]
[Site "Pula CRO"]
[Date "2011.06.21"]
[Round "5.17"]
[White "Medic, Mirjana"]
[Black "Rogulj, Branko"]
[Result "1-0"]
[WhiteElo "2230"]
[BlackElo "2390"]
[PlyCount "77"]
[EventDate "2011.06.18"]
[EventType "swiss"]
[EventRounds "9"]
[EventCountry "CRO"]
[Source "lmi"]
[SourceDate "2011.06.18"]

1. d4 Nf6 2. c4 g6 3. Nf3 Bg7 4. g3 O-O 5. Bg2 d5 6. cxd5 Nxd5 7. O-O Nb6 8.
Nc3 Nc6 9. e3 e5 10. d5 Ne7 11. e4 Bg4 12. Qb3 c6 13. h3 Bxf3 14. Bxf3 cxd5 15.
Nxd5 Nexd5 16. exd5 Qd7 17. Be3 f5 18. Rfd1 e4 19. d6+ Kh8 20. Be2 Be5 21. Rac1
Rac8 22. Rxc8 Rxc8 23. Bb5 Qg7 24. d7 Rd8 25. Qe6 Qf6 26. Qxf6+ Bxf6 27. a4 Kg7
28. b3 Kf8 29. a5 Na8 30. Bxa7 Nc7 31. Bc4 Ra8 32. Bc5+ Kg7 33. Bb6 Bd8 34. b4
Kf6 35. Bd4+ Ke7 36. Bc5+ Kf6 37. Bd6 g5 38. Rc1 Ne6 39. Bb5 1-0

[Event "25. Open Pula 2011"]
[Site "Pula CRO"]
[Date "2011.06.21"]
[Round "5.18"]
[White "Loncar, Robert"]
[Black "Dugandzic, Boris"]
[Result "1-0"]
[WhiteElo "2388"]
[BlackElo "2234"]
[PlyCount "117"]
[EventDate "2011.06.18"]
[EventType "swiss"]
[EventRounds "9"]
[EventCountry "CRO"]
[Source "lmi"]
[SourceDate "2011.06.18"]

1. Nf3 e6 2. d4 f5 3. g3 Nf6 4. Bg2 d5 5. O-O Bd6 6. b3 Qe7 7. c4 c6 8. Bb2 O-O
9. Qc1 a5 10. Nc3 Ne4 11. Nxe4 fxe4 12. Ne5 Nd7 13. Nxd7 Bxd7 14. f3 exf3 15.
exf3 a4 16. c5 Bc7 17. b4 b5 18. Qe3 Qf6 19. Rae1 Rae8 20. f4 Qf5 21. Rf2 Rf6
22. Qe2 Rg6 23. Bf3 Rf8 24. Bh5 Rh6 25. g4 Qf6 26. g5 Rg6 27. Bg4 Qd8 28. Bc1
e5 29. fxe5 Rxf2 30. Kxf2 Bxg4 31. Qxg4 Qe7 32. Kg2 Re6 33. Rf1 Bd8 34. h4 Qe8
35. h5 g6 36. h6 Bc7 37. Rf6 Rxf6 38. gxf6 Kf7 39. Bf4 Bd8 40. Qc8 Qe6 41. Qb7+
Ke8 42. Kg3 Qd7 43. f7+ Qxf7 44. Qxc6+ Qd7 45. Qa6 Kf7 46. Qd6 Qe7 47. Qxd5+
Ke8 48. Qc6+ Kf7 49. Qf3 Ke8 50. Kg2 g5 51. Bg3 Qe6 52. d5 Qxh6 53. e6 Qg6 54.
c6 g4 55. Qf7+ Qxf7 56. exf7+ Kxf7 57. c7 Bxc7 58. Bxc7 Kf6 59. Kg3 1-0

[Event "25. Open Pula 2011"]
[Site "Pula CRO"]
[Date "2011.06.21"]
[Round "5.19"]
[White "Somborski, Nebojsa"]
[Black "Srebrnic, Vojko"]
[Result "1-0"]
[WhiteElo "2376"]
[BlackElo "2227"]
[PlyCount "65"]
[EventDate "2011.06.18"]
[EventType "swiss"]
[EventRounds "9"]
[EventCountry "CRO"]
[Source "lmi"]
[SourceDate "2011.06.18"]

1. e4 c5 2. Nf3 Nc6 3. d4 cxd4 4. Nxd4 g6 5. c4 Nf6 6. Nc3 d6 7. Be2 Nxd4 8.
Qxd4 Bg7 9. Bg5 O-O 10. Qd2 Be6 11. Rc1 Qa5 12. f3 Rfc8 13. b3 a6 14. Na4 Qxd2+
15. Kxd2 Rc6 16. Nc3 Rac8 17. h4 h6 18. Be3 Nd7 19. g4 b5 20. Nd5 Bxd5 21. exd5
R6c7 22. cxb5 Bc3+ 23. Kd1 axb5 24. Bxb5 Ne5 25. Ke2 Bb2 26. Rxc7 Rxc7 27. Rd1
Kg7 28. a4 f6 29. a5 Rc3 30. Ba4 Rc8 31. a6 Ra8 32. a7 Ba3 33. Ra1 1-0

[Event "25. Open Pula 2011"]
[Site "Pula CRO"]
[Date "2011.06.21"]
[Round "5.20"]
[White "Valli, Frans"]
[Black "Leer Salvesen, Bjarte"]
[Result "1/2-1/2"]
[WhiteElo "2223"]
[BlackElo "2365"]
[PlyCount "90"]
[EventDate "2011.06.18"]
[EventType "swiss"]
[EventRounds "9"]
[EventCountry "CRO"]
[Source "lmi"]
[SourceDate "2011.06.18"]

1. e4 e6 2. d4 d5 3. Nc3 Bb4 4. e5 c5 5. a3 Bxc3+ 6. bxc3 Nc6 7. Qg4 g6 8. h4
Qa5 9. Bd2 Qa4 10. h5 Qxc2 11. hxg6 fxg6 12. Rh3 c4 13. Rc1 Qf5 14. Qh4 Qf8 15.
Ra1 Bd7 16. Rf3 Qg7 17. Be2 h6 18. Rh3 Nce7 19. g4 O-O-O 20. Bg5 Rf8 21. Bd1
Nc6 22. Bc2 Rh7 23. Ne2 Rf7 24. Be3 h5 25. Kd2 hxg4 26. Qxg4 Rxh3 27. Qxh3 Nge7
28. Rg1 Nf5 29. Bg5 Qf8 30. Bf6 Qxa3 31. Rxg6 Kc7 32. Nf4 Qb2 33. Rg8 Nfxd4 34.
cxd4 Nxd4 35. Ke1 Qxc2 36. Qa3 Qe2+ 37. Nxe2 Nc2+ 38. Kd2 Nxa3 39. Nd4 b5 40.
Kc3 a5 41. Bd8+ Kb7 42. Bxa5 Rxf2 43. Rg7 Kc8 44. Rg8+ Kb7 45. Rg7 Kc8 1/2-1/2

[Event "25. Open Pula 2011"]
[Site "Pula CRO"]
[Date "2011.06.21"]
[Round "5.21"]
[White "Aguera Naredo, Javier"]
[Black "Stocko, Josip"]
[Result "1-0"]
[WhiteElo "2353"]
[BlackElo "2209"]
[PlyCount "117"]
[EventDate "2011.06.18"]
[EventType "swiss"]
[EventRounds "9"]
[EventCountry "CRO"]
[Source "lmi"]
[SourceDate "2011.06.18"]

1. e4 c5 2. Nf3 d6 3. d4 cxd4 4. Nxd4 Nf6 5. Nc3 a6 6. Bc4 e6 7. Bb3 Nbd7 8.
Qe2 Nc5 9. Bg5 Be7 10. f4 h6 11. Bxf6 Bxf6 12. O-O-O Bd7 13. e5 dxe5 14. fxe5
Bg5+ 15. Kb1 O-O 16. Ne4 Nxe4 17. Qxe4 Qc7 18. h4 Be7 19. c3 Bc6 20. Nxc6 Qxc6
21. Bc2 Qxe4 22. Bxe4 Rfd8 23. Rxd8+ Rxd8 24. Bxb7 a5 25. Kc2 Kf8 26. g3 Bc5
27. Rh2 Ke7 28. a3 Kd7 29. b4 axb4 30. axb4 Ba7 31. h5 Rb8 32. Ba6 Be3 33. Kd3
Bb6 34. c4 Bc7 35. Bb5+ Ke7 36. Ke4 f5+ 37. exf6+ gxf6 38. Ra2 f5+ 39. Kf3 Bd6
40. Ra4 Rg8 41. c5 Rxg3+ 42. Kf2 Bb8 43. Ra8 Rg8 44. Kf1 Rd8 45. Bc4 Rd4 46.
Rxb8 Rxc4 47. Ke2 f4 48. Rb6 e5 49. Rxh6 Rxb4 50. Rb6 Rc4 51. h6 Rxc5 52. Rb8
Rc2+ 53. Kd3 Rh2 54. h7 Rxh7 55. Rb7+ Kf6 56. Rxh7 Kg5 57. Ke4 Kg4 58. Rg7+ Kh3
59. Kf3 1-0

[Event "25. Open Pula 2011"]
[Site "Pula CRO"]
[Date "2011.06.21"]
[Round "5.22"]
[White "Dusper, Hrvoje"]
[Black "Plenca, Julian"]
[Result "0-1"]
[WhiteElo "2198"]
[BlackElo "2339"]
[PlyCount "69"]
[EventDate "2011.06.18"]
[EventType "swiss"]
[EventRounds "9"]
[EventCountry "CRO"]
[Source "lmi"]
[SourceDate "2011.06.18"]

1. d4 Nf6 2. Nf3 c5 3. d5 e6 4. c4 exd5 5. cxd5 d6 6. Nc3 g6 7. e4 a6 8. a4 Bg4
9. Qe2 Bg7 10. e5 Bxf3 11. gxf3 dxe5 12. Qxe5+ Qe7 13. Qxe7+ Kxe7 14. Be3 Nbd7
15. O-O-O Ne8 16. Bh3 f5 17. Rhe1 Kd8 18. d6 Rc8 19. Bg5+ Bf6 20. f4 h6 21.
Bxf6+ Nexf6 22. Bg2 Rb8 23. Re7 c4 24. Nd5 Ne8 25. a5 Rf8 26. Nb6 Nxb6 27. axb6
Rf6 28. Rxb7 Rxb7 29. Bxb7 a5 30. d7 Ng7 31. Bc8 Rxb6 32. Rd5 Ne6 33. Rxa5 Nxf4
34. Kc2 Nd3 35. Ra6 0-1

[Event "25. Open Pula 2011"]
[Site "Pula CRO"]
[Date "2011.06.21"]
[Round "5.23"]
[White "Reichmann, Egon"]
[Black "Rabus, Berthold"]
[Result "0-1"]
[WhiteElo "2327"]
[BlackElo "2198"]
[PlyCount "48"]
[EventDate "2011.06.18"]
[EventType "swiss"]
[EventRounds "9"]
[EventCountry "CRO"]
[Source "lmi"]
[SourceDate "2011.06.18"]

1. d4 d5 2. Nf3 Nf6 3. c4 c6 4. Nc3 e6 5. Bg5 dxc4 6. e4 b5 7. e5 h6 8. Bh4 g5
9. Nxg5 hxg5 10. Bxg5 Nbd7 11. exf6 Bb7 12. g3 Qb6 13. Bg2 c5 14. d5 O-O-O 15.
O-O b4 16. Rb1 Bh6 17. Bxh6 Rxh6 18. Na4 Qb5 19. dxe6 Bxg2 20. Kxg2 Qc6+ 21. f3
Qxe6 22. Rf2 Ne5 23. Rd2 Qh3+ 24. Kh1 Rxd2 0-1

[Event "25. Open Pula 2011"]
[Site "Pula CRO"]
[Date "2011.06.21"]
[Round "5.24"]
[White "Petran, Peter"]
[Black "Wertjanz, David"]
[Result "0-1"]
[WhiteElo "2321"]
[BlackElo "2197"]
[PlyCount "88"]
[EventDate "2011.06.18"]
[EventType "swiss"]
[EventRounds "9"]
[EventCountry "CRO"]
[Source "lmi"]
[SourceDate "2011.06.18"]

1. Nf3 Nf6 2. g3 e6 3. Bg2 d5 4. O-O Be7 5. c4 O-O 6. b3 b6 7. Bb2 Bb7 8. d4
dxc4 9. bxc4 c5 10. e3 cxd4 11. exd4 Nc6 12. Nbd2 Qc7 13. Qe2 Rac8 14. Rac1
Rfd8 15. Rfd1 Qb8 16. Nb3 Ba6 17. Nfd2 Bf8 18. Qf3 Na5 19. Nxa5 bxa5 20. Ba1
Bb4 21. c5 Bxd2 22. Rxd2 Nd5 23. Bc3 Qc7 24. Rb2 Rb8 25. Rxb8 Rxb8 26. h4 Bb5
27. Bd2 Bc6 28. Qa3 Qb7 29. Qxa5 Qb2 30. Re1 Qxd4 31. Be3 Qb4 32. Qxb4 Rxb4 33.
Rc1 f6 34. Rc2 Kf7 35. Bc1 Rb1 36. Bxd5 exd5 37. Kh2 Ba4 38. Rc3 d4 39. Rc4 Bb5
40. Rc2 d3 41. Rc3 Rxc1 42. Rxc1 Ba4 43. c6 d2 44. Rb1 d1=Q 0-1

[Event "25. Open Pula 2011"]
[Site "Pula CRO"]
[Date "2011.06.21"]
[Round "5.25"]
[White "Zvan, Ziga"]
[Black "Purgar, Ivona"]
[Result "1-0"]
[WhiteElo "2298"]
[BlackElo "2174"]
[PlyCount "93"]
[EventDate "2011.06.18"]
[EventType "swiss"]
[EventRounds "9"]
[EventCountry "CRO"]
[Source "lmi"]
[SourceDate "2011.06.18"]

1. e4 c5 2. Nf3 e6 3. d4 cxd4 4. Nxd4 Nf6 5. Nc3 d6 6. Be2 a6 7. f4 Be7 8. O-O
Qc7 9. Kh1 O-O 10. Qe1 Nc6 11. Nxc6 bxc6 12. Qg3 d5 13. e5 Nd7 14. Qh3 c5 15.
Rf3 Re8 16. Nd1 Bf8 17. Nf2 f6 18. Qh4 Be7 19. Rh3 Nf8 20. Ng4 fxe5 21. Qg3 e4
22. Ne5 Bf6 23. Bh5 Re7 24. Ng4 Nd7 25. c3 Rb8 26. Qf2 g6 27. Nxf6+ Nxf6 28.
Be2 Qb6 29. Rb1 Qa5 30. a3 d4 31. b4 Qd8 32. cxd4 cxd4 33. Bb2 Rd7 34. Bc4 Rb6
35. Rd1 e3 36. Qe2 Ne4 37. Rf3 Rdd6 38. f5 Nf2+ 39. Rxf2 exf2 40. fxg6 hxg6 41.
Qxf2 Rbc6 42. Bb3 d3 43. Be5 Rd5 44. Bxd5 Qxd5 45. Qf6 Qd7 46. Qh8+ Kf7 47.
Rf1+ 1-0

[Event "25. Open Pula 2011"]
[Site "Pula CRO"]
[Date "2011.06.21"]
[Round "5.26"]
[White "Frank, Paul"]
[Black "Kalinski, Krunoslav"]
[Result "1-0"]
[WhiteElo "2295"]
[BlackElo "2129"]
[PlyCount "99"]
[EventDate "2011.06.18"]
[EventType "swiss"]
[EventRounds "9"]
[EventCountry "CRO"]
[Source "lmi"]
[SourceDate "2011.06.18"]

1. Nf3 Nc6 2. d4 d5 3. g3 Nf6 4. Bg2 Bf5 5. O-O Qd7 6. Ne5 Nxe5 7. dxe5 Ng4 8.
c4 dxc4 9. Bxb7 Rb8 10. Bg2 Nxe5 11. Nc3 e6 12. Be3 a6 13. Qc1 Bd6 14. f4 Ng4
15. Ba7 O-O 16. h3 Nh6 17. e4 Bg6 18. Bxb8 Rxb8 19. Rd1 Qc6 20. Qc2 f5 21. e5
Bc5+ 22. Kh2 Qe8 23. Na4 Ba7 24. Qxc4 Bh5 25. Bc6 Qg6 26. Rd7 Bg4 27. Re7 Qh5
28. Qxe6+ Kf8 29. Re8+ Rxe8 30. Qxe8+ Qxe8 31. Bxe8 Bf3 32. Bd7 g5 33. fxg5 Nf7
34. Bxf5 Bc6 35. Nc3 Nxg5 36. Bg4 Bd4 37. e6 h6 38. Rf1+ Ke7 39. h4 Nxe6 40.
Re1 Bd7 41. Nd5+ Kd6 42. Bxe6 Bxe6 43. Nxc7 Bc8 44. Ne8+ Kd5 45. b3 a5 46. Rc1
Bf5 47. Nc7+ Ke4 48. Nb5 Be3 49. Nd6+ Kd3 50. Rd1+ 1-0

[Event "25. Open Pula 2011"]
[Site "Pula CRO"]
[Date "2011.06.21"]
[Round "5.27"]
[White "Blazeka, Matej"]
[Black "Andersen, Lars Even"]
[Result "1/2-1/2"]
[WhiteElo "2191"]
[BlackElo "2288"]
[PlyCount "67"]
[EventDate "2011.06.18"]
[EventType "swiss"]
[EventRounds "9"]
[EventCountry "CRO"]
[Source "lmi"]
[SourceDate "2011.06.18"]

1. e4 c6 2. d4 d5 3. Nc3 dxe4 4. Nxe4 Nd7 5. Nf3 Ngf6 6. Ng3 e6 7. Bd3 Qc7 8.
O-O Bd6 9. Qe2 O-O 10. Re1 c5 11. c3 cxd4 12. cxd4 Bf4 13. Ne5 Bxc1 14. Raxc1
Qd6 15. Red1 Rd8 16. Qf3 Rf8 17. Ne4 Nxe4 18. Qxe4 Nf6 19. Qh4 h6 20. Ng4 Nxg4
21. Qxg4 Rb8 22. Qe4 g6 23. Qe5 Rd8 24. Be4 Qxe5 25. dxe5 Bd7 26. f4 Bc6 27.
Bxc6 Rxd1+ 28. Rxd1 bxc6 29. Rd2 Rb4 30. g3 g5 31. fxg5 hxg5 32. Kf2 Kg7 33.
Ke3 Kg6 34. b3 1/2-1/2

[Event "25. Open Pula 2011"]
[Site "Pula CRO"]
[Date "2011.06.21"]
[Round "5.28"]
[White "Zsinka, Laszlo"]
[Black "Gulbrandsen, Tor"]
[Result "1-0"]
[WhiteElo "2285"]
[BlackElo "2097"]
[PlyCount "53"]
[EventDate "2011.06.18"]
[EventType "swiss"]
[EventRounds "9"]
[EventCountry "CRO"]
[Source "lmi"]
[SourceDate "2011.06.18"]

1. d4 Nf6 2. c4 e6 3. Nc3 d5 4. cxd5 exd5 5. Bg5 Be7 6. e3 O-O 7. Bd3 c6 8. Qc2
Nbd7 9. Nge2 Re8 10. h3 Nf8 11. g4 Ne4 12. Bxe7 Qxe7 13. Bxe4 dxe4 14. Ng3 Be6
15. Qxe4 Nd7 16. Qc2 Nf6 17. O-O-O b5 18. Kb1 b4 19. Na4 Bd5 20. Rhe1 Ne4 21.
Nc5 Nxc5 22. dxc5 b3 23. axb3 Rab8 24. Rxd5 cxd5 25. Nf5 Qc7 26. Rc1 Rb5 27.
Qc3 1-0

[Event "25. Open Pula 2011"]
[Site "Pula CRO"]
[Date "2011.06.21"]
[Round "5.29"]
[White "Mestek, Igor"]
[Black "Havas, Ladislav"]
[Result "1/2-1/2"]
[WhiteElo "2160"]
[BlackElo "2280"]
[PlyCount "44"]
[EventDate "2011.06.18"]
[EventType "swiss"]
[EventRounds "9"]
[EventCountry "CRO"]
[Source "lmi"]
[SourceDate "2011.06.18"]

1. Nf3 Nf6 2. d3 g6 3. e4 d6 4. Be2 Bg7 5. c3 O-O 6. O-O c5 7. Nbd2 Nc6 8. Qc2
e5 9. a4 d5 10. Re1 Re8 11. Bf1 b6 12. exd5 Nxd5 13. Ne4 h6 14. h3 Be6 15. Bd2
f5 16. Ng3 Bf7 17. Rad1 Rc8 18. Qb1 Qd6 19. Bc1 Rcd8 20. Qc2 Rc8 21. Qb1 Rcd8
22. Qc2 Rc8 1/2-1/2

[Event "25. Open Pula 2011"]
[Site "Pula CRO"]
[Date "2011.06.22"]
[Round "6.1"]
[White "Zelcic, Robert"]
[Black "Kovacevic, Aleksandar"]
[Result "0-1"]
[WhiteElo "2557"]
[BlackElo "2575"]
[PlyCount "80"]
[EventDate "2011.06.18"]
[EventType "swiss"]
[EventRounds "9"]
[EventCountry "CRO"]
[Source "lmi"]
[SourceDate "2011.06.18"]

1. e4 c5 2. Nf3 e6 3. d4 cxd4 4. Nxd4 Nf6 5. Nc3 d6 6. Be2 Be7 7. O-O O-O 8. f4
Nc6 9. Kh1 Nxd4 10. Qxd4 b6 11. f5 e5 12. Qd3 Bb7 13. Bg5 Ne8 14. Bxe7 Qxe7 15.
a4 Nf6 16. a5 Rfd8 17. Bf3 Qc7 18. axb6 axb6 19. Rxa8 Bxa8 20. Rd1 Qc5 21. Qe2
Qb4 22. Qd2 h6 23. h3 Bb7 24. Kh2 Rd7 25. Qd3 Bc6 26. Ra1 Qxb2 27. Rb1 Qa3 28.
Rxb6 Qc5 29. Qa6 Rc7 30. Nb5 Nd7 31. Nxc7 Nxb6 32. Qa7 Nd7 33. Qxc5 Nxc5 34.
Nd5 Bxd5 35. exd5 Kf8 36. g4 Ke7 37. Kg3 Kf6 38. h4 e4 39. Be2 Ke5 40. c4 f6
0-1

[Event "25. Open Pula 2011"]
[Site "Pula CRO"]
[Date "2011.06.22"]
[Round "6.2"]
[White "Antal, Gergely"]
[Black "Doric, Darko"]
[Result "1/2-1/2"]
[WhiteElo "2530"]
[BlackElo "2456"]
[PlyCount "70"]
[EventDate "2011.06.18"]
[EventType "swiss"]
[EventRounds "9"]
[EventCountry "CRO"]
[Source "lmi"]
[SourceDate "2011.06.18"]

1. e4 c5 2. Nf3 d6 3. c3 Nf6 4. Bd3 Nc6 5. Bc2 Bg4 6. h3 Bxf3 7. Qxf3 g6 8. O-O
Bg7 9. d3 O-O 10. Qe2 b5 11. Be3 Nd7 12. Nd2 Qc7 13. Rac1 Rab8 14. h4 b4 15.
Bb3 bxc3 16. bxc3 Qa5 17. Nc4 Qa6 18. h5 Nb6 19. hxg6 hxg6 20. f4 Nxc4 21. Bxc4
Qa3 22. Qg4 e6 23. Bxe6 fxe6 24. Qxe6+ Rf7 25. Qxd6 Qa6 26. e5 Rd8 27. Qxg6
Qxd3 28. Qxd3 Rxd3 29. Bxc5 Bh6 30. Rcd1 Rxd1 31. Rxd1 Bxf4 32. e6 Rc7 33. Rf1
Be5 34. Re1 Bxc3 35. Rc1 Be5 1/2-1/2

[Event "25. Open Pula 2011"]
[Site "Pula CRO"]
[Date "2011.06.22"]
[Round "6.3"]
[White "Mencinger, Vojko"]
[Black "Shengelia, Davit"]
[Result "1/2-1/2"]
[WhiteElo "2399"]
[BlackElo "2511"]
[PlyCount "131"]
[EventDate "2011.06.18"]
[EventType "swiss"]
[EventRounds "9"]
[EventCountry "CRO"]
[Source "lmi"]
[SourceDate "2011.06.18"]

1. e4 c5 2. Nf3 d6 3. d4 cxd4 4. Nxd4 Nf6 5. Nc3 g6 6. Be3 Bg7 7. f3 Nc6 8. Qd2
O-O 9. O-O-O d5 10. exd5 Nxd5 11. Nxc6 bxc6 12. Bd4 Nxc3 13. Qxc3 Bxd4 14. Rxd4
Qb6 15. Bc4 c5 16. Rd2 Be6 17. Re1 Bxc4 18. Qxc4 Rab8 19. c3 Qc7 20. f4 Rfd8
21. Red1 Rxd2 22. Rxd2 e5 23. g3 Re8 24. Re2 Kg7 25. Qd5 f6 26. fxe5 Rxe5 27.
Rxe5 fxe5 28. Qe6 c4 29. Kc2 Qc5 30. Qd7+ Kh6 31. Qd2+ Kh5 32. Qe2+ Kg5 33. b3
cxb3+ 34. axb3 a5 35. Qf3 Kh6 36. h4 Kg7 37. Qb7+ Kf6 38. Qf3+ Ke6 39. Qg4+ Ke7
40. b4 Qf2+ 41. Kb3 Qf7+ 42. c4 axb4 43. Kxb4 Qf5 44. Qd1 Qe4 45. Qg1 Ke6 46.
Qf2 h5 47. Kc3 Qc6 48. Qf8 Qd7 49. Qg8+ Kf5 50. Qd5 Qa7 51. Qf3+ Ke6 52. Qd5+
Kf6 53. Qf3+ Ke7 54. Kb3 Qb6+ 55. Kc2 Qd4 56. Qb7+ Kf6 57. Qf3+ Kg7 58. Qd3
Qf2+ 59. Kc3 Qe1+ 60. Kc2 Qf2+ 61. Kc3 Qa7 62. Qd6 Qa1+ 63. Kc2 Qa2+ 64. Kc3
Qa1+ 65. Kc2 Qa2+ 66. Kc3 1/2-1/2

[Event "25. Open Pula 2011"]
[Site "Pula CRO"]
[Date "2011.06.22"]
[Round "6.5"]
[White "Drazic, Sinisa"]
[Black "Fercec, Nenad"]
[Result "1-0"]
[WhiteElo "2486"]
[BlackElo "2453"]
[PlyCount "123"]
[EventDate "2011.06.18"]
[EventType "swiss"]
[EventRounds "9"]
[EventCountry "CRO"]
[Source "lmi"]
[SourceDate "2011.06.18"]

1. Nf3 d5 2. e3 g6 3. c4 Nf6 4. b3 Bg7 5. Bb2 O-O 6. Be2 c5 7. cxd5 Qxd5 8. Nc3
Qd8 9. d4 Nc6 10. dxc5 Qa5 11. O-O Ne4 12. Na4 Bxb2 13. Nxb2 Nc3 14. Qc2 Nxe2+
15. Qxe2 Qxc5 16. Rfc1 Qh5 17. Nd3 Bg4 18. Rc3 Rfd8 19. Rac1 e5 20. Nc5 Rd5 21.
h3 Bxf3 22. Qxf3 Qxf3 23. gxf3 Nb4 24. Ne4 Rdd8 25. Rc7 Nxa2 26. Ra1 Nb4 27.
Rxb7 Nd3 28. b4 a6 29. Nf6+ Kg7 30. Nd7 Rac8 31. Ra3 Rc1+ 32. Kg2 Rd1 33. Kg3
Rg1+ 34. Kh2 Rd1 35. Rc3 Re8 36. Nb8 Re6 37. Rc6 Rd2 38. Kg3 Rxc6 39. Nxc6 e4
40. fxe4 Nxf2 41. e5 Kf8 42. e6 fxe6 43. Rxh7 Ne4+ 44. Kf4 Nf6 45. Ra7 Rd5 46.
e4 g5+ 47. Ke3 Rd1 48. e5 Nd5+ 49. Kf3 Rd3+ 50. Kg4 Rc3 51. Nd8 Ke8 52. Nxe6
Nxb4 53. Ng7+ Kf8 54. e6 Nc6 55. Rf7+ Kg8 56. Rb7 Re3 57. Kf5 a5 58. Kf6 Rf3+
59. Kg6 Ne5+ 60. Kxg5 Rg3+ 61. Kf6 Ng6 62. Nf5 1-0

[Event "25. Open Pula 2011"]
[Site "Pula CRO"]
[Date "2011.06.22"]
[Round "6.8"]
[White "Zvan, Ziga"]
[Black "Kuljasevic, Davorin"]
[Result "0-1"]
[WhiteElo "2298"]
[BlackElo "2537"]
[PlyCount "102"]
[EventDate "2011.06.18"]
[EventType "swiss"]
[EventRounds "9"]
[EventCountry "CRO"]
[Source "lmi"]
[SourceDate "2011.06.18"]

1. e4 e6 2. d4 d5 3. Nd2 c5 4. Ngf3 Nf6 5. exd5 exd5 6. Bb5+ Bd7 7. Bxd7+ Nbxd7
8. O-O Be7 9. dxc5 Nxc5 10. Nd4 Qd7 11. Qf3 O-O 12. Rd1 g6 13. Nf1 Nce4 14. Bf4
Rfe8 15. c3 b5 16. Ne3 Bc5 17. Rd3 a5 18. Rad1 Qb7 19. Ng4 Nxg4 20. Qxg4 b4 21.
Be3 bxc3 22. bxc3 Qb2 23. Qe2 Rab8 24. Qxb2 Rxb2 25. f3 Nd6 26. R3d2 Nc4 27.
Rxb2 Nxb2 28. Re1 Nd3 29. Re2 Nc1 30. Re1 Nxa2 31. Bd2 Rxe1+ 32. Bxe1 Bxd4+ 33.
cxd4 Nb4 34. Kf1 Kf8 35. Bg3 Ke7 36. Bc7 a4 37. Ba5 Na6 38. Ke2 Kd7 39. Kd3 Kc6
40. Kc3 Kb5 41. Bd8 a3 42. Be7 a2 43. Kb2 Nb4 44. h4 Kc4 45. g4 Nc6 46. Bf6
Nxd4 47. f4 Ne2 48. f5 gxf5 49. gxf5 Ng3 50. Kxa2 Nxf5 51. Kb2 Kd3 0-1

[Event "25. Open Pula 2011"]
[Site "Pula CRO"]
[Date "2011.06.22"]
[Round "6.9"]
[White "Saric, Ante"]
[Black "Frank, Paul"]
[Result "1/2-1/2"]
[WhiteElo "2489"]
[BlackElo "2295"]
[PlyCount "75"]
[EventDate "2011.06.18"]
[EventType "swiss"]
[EventRounds "9"]
[EventCountry "CRO"]
[Source "lmi"]
[SourceDate "2011.06.18"]

1. Nf3 Nf6 2. c4 g6 3. Nc3 d5 4. cxd5 Nxd5 5. Qc2 Nb6 6. d4 Bg7 7. e4 O-O 8.
Be3 Nc6 9. d5 Ne5 10. Nxe5 Bxe5 11. f4 Bg7 12. Be2 c6 13. dxc6 bxc6 14. O-O Be6
15. Rfd1 Qc7 16. Nb5 Qb7 17. Nd4 Bd7 18. Nb3 Rfd8 19. Rac1 Be8 20. Na5 Rxd1+
21. Rxd1 Qc7 22. e5 e6 23. Bf3 Nd5 24. Bxd5 Qxa5 25. Bc4 Bf8 26. Qf2 c5 27. b3
Bc6 28. Rd3 Be4 29. Rd2 Rd8 30. Rxd8 Qxd8 31. h3 Qc7 32. Qd2 Be7 33. Kh2 Kg7
34. Kg1 Kg8 35. Kh2 Kg7 36. Qc3 Kg8 37. Qe1 Bb7 38. Qf2 1/2-1/2

[Event "25. Open Pula 2011"]
[Site "Pula CRO"]
[Date "2011.06.22"]
[Round "6.11"]
[White "Kovacevic, Blazimir"]
[Black "Srbis, Jurica"]
[Result "1-0"]
[WhiteElo "2474"]
[BlackElo "2278"]
[PlyCount "111"]
[EventDate "2011.06.18"]
[EventType "swiss"]
[EventRounds "9"]
[EventCountry "CRO"]
[Source "lmi"]
[SourceDate "2011.06.18"]

1. Nf3 Nf6 2. c4 c5 3. Nc3 Nc6 4. d4 cxd4 5. Nxd4 d6 6. e4 g6 7. Be2 Bg7 8. Be3
O-O 9. O-O Bd7 10. Qd2 Nxd4 11. Bxd4 Bc6 12. f3 a5 13. b3 Nd7 14. Be3 Nc5 15.
Rab1 Qb6 16. Rfc1 Rfc8 17. Rc2 Be5 18. Bf1 Qd8 19. a3 Ne6 20. Nd5 Bxd5 21. exd5
Nf8 22. g3 Nd7 23. Bh3 Rcb8 24. Bxd7 Qxd7 25. a4 Ra6 26. Re1 Qf5 27. Kg2 Bf6
28. g4 Qd7 29. Qd3 e5 30. dxe6 fxe6 31. Rd2 Qf7 32. Red1 Be5 33. Qe4 Rf8 34. c5
d5 35. Qxe5 Qxf3+ 36. Kg1 Qxg4+ 37. Qg3 Qxg3+ 38. hxg3 Rf3 39. Re1 Rxg3+ 40.
Kh2 Rg4 41. Rd4 Rxd4 42. Bxd4 Kf7 43. Kg3 Ra8 44. Rf1+ Ke7 45. Bf6+ Kd7 46. Be5
Kc6 47. Bd4 Re8 48. Rf6 g5 49. Kg4 Kc7 50. Kxg5 Rg8+ 51. Kf4 Kd7 52. Rf7+ Kc6
53. Re7 Rg6 54. Rxh7 Rg2 55. Re7 Re2 56. Be3 1-0

[Event "25. Open Pula 2011"]
[Site "Pula CRO"]
[Date "2011.06.22"]
[Round "6.13"]
[White "Zelbel, Patrick"]
[Black "Skrbin, Kresimir"]
[Result "1-0"]
[WhiteElo "2428"]
[BlackElo "2264"]
[PlyCount "107"]
[EventDate "2011.06.18"]
[EventType "swiss"]
[EventRounds "9"]
[EventCountry "CRO"]
[Source "lmi"]
[SourceDate "2011.06.18"]

1. e4 c6 2. Ne2 d5 3. e5 c5 4. d4 Nc6 5. c3 Bf5 6. dxc5 e6 7. b4 Nxe5 8. Nd4
Ne7 9. Bb5+ N5c6 10. Bf4 Qd7 11. Ba4 f6 12. Bd6 Bxb1 13. Rxb1 Kf7 14. f4 Qc8
15. O-O Nxd4 16. cxd4 Nf5 17. Bxf8 Rxf8 18. Qd3 g6 19. Qc3 Qc7 20. Bc2 Ng7 21.
a4 Rac8 22. Bd3 Nh5 23. g3 f5 24. a5 Nf6 25. Qa3 Ne4 26. Bxe4 fxe4 27. b5 Ra8
28. b6 axb6 29. Rxb6 Ra7 30. Qb4 Re8 31. h4 Re7 32. Kf2 Kg7 33. Ke3 h6 34. Ra1
Qc8 35. Ra3 g5 36. hxg5 hxg5 37. c6 Rf7 38. Qd6 gxf4+ 39. gxf4 Qc7 40. Qxc7
Rxc7 41. cxb7 Raxb7 42. Rxe6 Rb2 43. f5 Rf7 44. Re5 Rh2 45. Kf4 Rf2+ 46. Kg4
Rg2+ 47. Rg3 Rxg3+ 48. Kxg3 Rd7 49. Re6 Rc7 50. a6 Rc3+ 51. Kf4 Rf3+ 52. Ke5 e3
53. Re7+ Kf8 54. Kd6 1-0

[Event "25. Open Pula 2011"]
[Site "Pula CRO"]
[Date "2011.06.22"]
[Round "6.14"]
[White "Astrup, Kim"]
[Black "Skytte, Rasmus"]
[Result "1/2-1/2"]
[WhiteElo "2256"]
[BlackElo "2399"]
[PlyCount "40"]
[EventDate "2011.06.18"]
[EventType "swiss"]
[EventRounds "9"]
[EventCountry "CRO"]
[Source "lmi"]
[SourceDate "2011.06.18"]

1. c4 e6 2. g3 d5 3. Bg2 Nf6 4. Nf3 dxc4 5. Na3 Bxa3 6. bxa3 O-O 7. Qc2 Nc6 8.
Bb2 Re8 9. Qxc4 e5 10. Ng5 Qe7 11. Bxc6 bxc6 12. O-O Rb8 13. Bc3 Nd5 14. Nf3
Rb6 15. Rfe1 Ba6 16. Qa4 Nxc3 17. dxc3 Bb5 18. Qb4 c5 19. Qe4 Rh6 20. c4 Bc6
1/2-1/2

[Event "25. Open Pula 2011"]
[Site "Pula CRO"]
[Date "2011.06.22"]
[Round "6.15"]
[White "Tomazini, Zan"]
[Black "Loncar, Robert"]
[Result "1-0"]
[WhiteElo "2250"]
[BlackElo "2388"]
[PlyCount "115"]
[EventDate "2011.06.18"]
[EventType "swiss"]
[EventRounds "9"]
[EventCountry "CRO"]
[Source "lmi"]
[SourceDate "2011.06.18"]

1. e4 e5 2. Nf3 Nc6 3. d4 exd4 4. Nxd4 Bb4+ 5. c3 Bc5 6. Be3 Bb6 7. Nxc6 bxc6
8. Bd4 Qg5 9. h4 Qh6 10. Nd2 Ne7 11. Bd3 d6 12. Qf3 Rb8 13. O-O-O O-O 14. Kb1
Bxd4 15. cxd4 Rb4 16. Qe3 Qh5 17. a3 Rb8 18. Qg5 Qxg5 19. hxg5 f6 20. gxf6 Rxf6
21. f3 h6 22. Rc1 Bd7 23. Rh5 Rg6 24. g4 Rg5 25. Bc4+ d5 26. Rxg5 hxg5 27. exd5
cxd5 28. Bd3 c6 29. Re1 Kf7 30. Kc2 Kf6 31. Nb3 Rh8 32. Nc5 Bc8 33. b4 Rh3 34.
Rf1 Ng6 35. Bxg6 Kxg6 36. Nd3 Ba6 37. Ne5+ Kf6 38. Rf2 Bb7 39. Kb3 Rh1 40. Rc2
Rd1 41. Nxc6 Ba6 42. Nxa7 Bc4+ 43. Rxc4 dxc4+ 44. Kxc4 Ke6 45. a4 Rc1+ 46. Kb5
Kd5 47. Kb6 Rc4 48. Ka5 Kxd4 49. b5 Kc5 50. b6 Kd6 51. Kb5 Rc3 52. Ka6 Rxf3 53.
a5 Rf6 54. Kb7 Rf7+ 55. Kb8 Rf8+ 56. Nc8+ Kc6 57. b7 Rf7 58. a6 1-0